Statistics for Detroit Lions: Most Passing TDs Each Year

Click here to take the quiz!

General Stats

  • This quiz has been taken 94 times
    (66 since last reset)
  • The average score is 25 of 88

Answer Stats

YearPlayerTDs% Correct
2019Matthew Stafford19
100%
2014Matthew Stafford22
100%
2009Matthew Stafford13
100%
2012Matthew Stafford20
100%
2013Matthew Stafford29
100%
2011Matthew Stafford41
100%
2015Matthew Stafford32
100%
2016Matthew Stafford24
100%
2017Matthew Stafford29
100%
2018Matthew Stafford21
100%
2007Jon Kitna18
56%
2006Jon Kitna21
56%
1952Bobby Layne19
47%
1995Scott Mitchell32
47%
1996Scott Mitchell17
47%
1997Scott Mitchell19
47%
1956Bobby Layne9
47%
1954Bobby Layne14
47%
1953Bobby Layne16
47%
1955Bobby Layne11
47%
1951Bobby Layne26
47%
1950Bobby Layne16
47%
2005Joey Harrington12
42%
2003Joey Harrington17
42%
2004Joey Harrington19
42%
2002Joey Harrington12
42%
1990Rodney Peete13
40%
1992Rodney Peete9
40%
2008Dan Orlovsky8
37%
2010Shaun Hill16
28%
1998Charlie Batch11
21%
1999Charlie Batch13
21%
1983Eric Hipple12
21%
2000Charlie Batch13
21%
2001Charlie Batch12
21%
1981Eric Hipple14
21%
1986Eric Hipple9
21%
1985Eric Hipple17
21%
1993Erik Kramer8
19%
1991Erik Kramer11
19%
1987Chuck Long11
19%
1982Gary Danielson10
16%
1994Dave Krieg14
16%
1984Gary Danielson17
16%
1978Gary Danielson18
16%
1980Gary Danielson13
16%
1976Greg Landry17
14%
1972Greg Landry18
14%
1971Greg Landry16
14%
1977Greg Landry7
14%
1960Earl Morrall4
12%
1966Karl Sweetan / Milt Plum4
12%
1941Whizzer White / Dick Booth2
12%
1959Tobin Rote / Earl Morrall5
12%
1961Jim Ninowski / Earl Morrall7
12%
1962Milt Plum15
12%
1963Earl Morrall24
12%
1964Milt Plum18
12%
1965Milt Plum12
12%
1957Tobin Rote11
9%
1958Tobin Rote14
9%
1932Dutch Clark / Glenn Presnell / John Cavosie2
9%
1967Karl Sweetan10
9%
1969Bill Munson7
9%
1970Bill Munson10
9%
1973Bill Munson9
9%
1974Bill Munson8
9%
1968Bill Munson15
9%
1943Frankie Sinkwich7
7%
1934Glenn Presnell2
7%
1988Rusty Hilger7
7%
1975Joe Reed9
7%
1935Dutch Clark / Pug Vaughan / Ace Gutowsky / Ernie Caddel2
7%
1936Dutch Clark4
7%
1947Clyde LeForce13
7%
1933Glenn Presnell6
7%
1944Frankie Sinkwich12
7%
1979Jeff Komlo11
5%
1989Bob Gagliano6
5%
1946Dave Ryan6
2%
1938Vern Huffman2
2%
1948Fred Enke11
2%
1949Frank Tripucka9
2%
1945Chuck Fenenbock7
2%
1942Ned Mathews1
0%
1940Cotton Price3
0%
1939Johnny Pingel3
0%
1937Bill Shepherd2
0%

Score Distribution

Percentile by Number Answered

Percent of People with Each Score

Your Score History

You have not taken this quiz since the last reset